000 01347nam a22003737a 4500
003 CHAP
005 20220329134701.0
008 971013s1981 r 00010 d
010 _a24177
011 _a25149
035 _a29249
040 _cCHAP
082 _a636.0896
_bH33 1981
100 0 0 _aHagan, William Arthur.
_952214
245 _aHagan and Bruner's infectious diseases of domestic animals; inmunity, epidemiology, diagnosis and biologic therapy
250 _a7 ed.
260 _aIthaca :
_bCornell University,
_c1981
300 _a851 p.
500 _aEn esta ed. James Howard Gillespie aparece como autor principal
590 _aBATCH-UPD
_b10
_c20130110
_lUCH01
_h1022
590 _aBATCH-UPD
_b10
_c20130410
_lUCH01
_h0627
590 _aBATCH-UPD
_b10
_c20130914
_lUCH01
_h0518
590 _aCONVERSION
_b10
_c20130109
_lUCH01
_h1314
650 1 4 _aBacteriología veterinaria.
_99338
650 1 4 _aEnfermedades infecciosas en animales.
_936936
650 1 4 _aMicroorganismos patógenos.
_975528
650 1 4 _aVirus.
_9119936
700 0 _aGillespie, James Howard.
_948024
700 0 _aTimoney, John Francis.
_9113340
901 _aBK
942 _cLIBRO
949 _a636.0896 H33 1981
_bBC
_cLIBRO
_d33724000092938
_eLIBRO
_h50517
_i29249
_si
949 _a636.0896 H33 1981
_bBC
_cLIBRO
_d33724000092946
_eLIBRO
_fc.2
_h64780
_i29249
_si
999 _c24177
_d24177